Das Alte-Heeren-Quiz: Floskeln, Angewohnheiten & Wehwehchen #einfach - Statistiken

Allgemein
  • Dieses Quiz wurde 57 mal gespielt
  • Das Durchschnittsergebnis liegt bei 8 aus 15
Antwortstatistiken
Frage Antwort % Korrekt
Warum sagt ein älterer Herr oft „Das Wetter war schuld“? Alle der oben genannten Gründe.
71%
Welche dieser Floskeln hört man am häufigsten von älteren Herren? Alle drei
71%
Welche Technik ist bei alten Herren beliebt, wenn etwas nicht funktioniert? Dagegen klopfen.
71%
Welche Aussage hört man oft, wenn sie eine neue technische Entwicklung sehen? „Früher ging das auch ohne!“
71%
Welche Aussage hört man oft, wenn sie über Geld sprechen? „Früher war das alles günstiger.“
71%
Was machen ältere Herren oft nach einem großen Mittagessen? Sie gönnen sich ein Nickerchen im Sessel.
71%
Was ist eine beliebte Beschwerde beim Wetterwechsel? „Die Gelenke zwicken wieder.“
57%
Was gehört zur Lieblingsbeschäftigung vieler älterer Herren? Ein bisschen von allem.
57%
Was ist oft der Lieblingssatz eines alten Herrn, wenn ein jüngerer etwas zur Reparatur schicken möchte? „Früher hat man sowas selbst repariert.“
57%
Warum besitzen ältere Herren oft ein Ersatzteil-Lager in der Garage? „Man weiß ja nie.“
57%
Was gehört zur Morgenroutine eines echten alten Herren? Alles gleichzeitig.
43%
Warum tragen viele ältere Herren Socken in Sandalen? „Weil man das schon immer so gemacht hat.“
43%
Was ist das häufigste Gesprächsthema unter älteren Herren? Der letzte Arztbesuch.
14%
Was bedeutet es, wenn ein alter Herr sagt: „Da könnte ich Bücher drüber schreiben“? Er möchte nur verdeutlichen, dass ihn etwas sehr beschäftigt.
14%
Was macht ein älterer Herr oft mit seinem Spazierstock? Dinge aus der Ferne erreichen.
0%
Keine übereinstimmenden Quizze gefunden
Verteilung der Resultate
Anzahl Personen mit jedem Resultat
Perzentil nach korrekt beantworteten Fragen
Ihre Resultats-Entwicklung
Sie haben dieses Quiz noch nicht gespielt